LEADER 01252nam0-22003251i-450- 001 990004558690403321 005 20131127101126.0 012 $as.s, u-ai ntes J're (3) 1805 (R)$2fei$5IT-NA0105 : COLL. SG 200/A 73 035 $a000455869 035 $aFED01000455869 035 $a(Aleph)000455869FED01 035 $a000455869 100 $a19990604d1805----km-y0itay50------ba 101 0 $afre 102 $aFR 105 $ay-------001yy 200 1 $aDes cultes qui ont précédé et amené l'idolatrie, ou l'adoration des figures humaines. Du culte des fètiches, des astres et des héros ou des morts ... Par J. A. Dulaure 210 $aParis$cde l'imprimerie de Fournier frères$d1805 215 $aVIII, 510 p.$d20 cm 300 $aLa p. 510 è erroneamente segnata 511 620 $aParigi 676 $a203 700 1$aDulaure,$bJacques Antoine$f<1755-1835>$0494587 801 0$aIT$bUNINA$gRICA$2UNIMARC 901 $aAQ 912 $a990004558690403321 952 $aSG 200/A 73$bR.Bibl. 16624$fFLFBC 959 $aFLFBC 996 $aDes cultes qui ont précédé et amené l'idolatrie, ou l'adoration des figures humaines. Du culte des fètiches, des astres et des héros ou des morts ... Par J. A. Dulaure$9548922 997 $aUNINA LEADER 01703nam 2200433 n 450 001 996390704203316 005 20200824120443.0 035 $a(CKB)4940000000099297 035 $a(EEBO)2248499497 035 $a(UnM)99828284e 035 $a(UnM)99828284 035 $a(EXLCZ)994940000000099297 100 $a19950407d1665 uy | 101 0 $aeng 135 $aurbn||||a|bb| 200 14$aThe dying mans last sermon. Or, The fathers last blessing$b[electronic resource] $eLeft, and bequeathed as a legacy unto his children, immediately before his death. Being comfortable meditations and preparations for the day of death; which for the worth of them are more worthy to be written in letters of gold, then with ink and paper. The twelfth edition with additions, by Andrew Jones, a servant of Jesus Christ 210 $aLondon $cprinted for Elizabeth Andrews, at the White Lion near Pye-Corner$d1665 215 $a[22] p 300 $aAttributed (erroneously?) to John Hart, by Wing. 300 $aSignatures: A [-A1?], B?. 300 $aReproduction of the original in the British Library. 330 $aeebo-0018 606 $aChristian life$vEarly works to 1800 606 $aConduct of life$vEarly works to 1800 606 $aDeath$vEarly works to 1800 615 0$aChristian life 615 0$aConduct of life 615 0$aDeath 700 $aJones$b Andrew$cM.A.$0569681 702 $aHart$b John$cD.D., 801 0$bCu-RivES 801 1$bCu-RivES 801 2$bUk-ES 801 2$bCStRLIN 801 2$bWaOLN 906 $aBOOK 912 $a996390704203316 996 $aThe dying man's last sermon. Or The Fathers last blessing$92314684 997 $aUNISA